000 00639nam a2200193 a 4500
001 000036202
005 20200930074942.0
008 120111s1966 sp a 000 0 spa d
082 _axxx
_bB261s
100 1 _aBarnett, S. A.
_962261
245 1 3 _aUn siglo despúes de Darwin :
_bla evolución /
_cS.A. Barnett y otros ; traducido por Faustino Cordón.
260 _aMadrid :
_bAlianza Editorial,
_c1966.
300 _a2 v. :
_bil. ;
_c18 cm.
490 _aEl libro de bolsillo
500 _aIncluye notas al pie de las páginas.
700 1 _aCordón, Faustino,
_etr.
_962262
830 3 _aEl libro de bolsillo
_94072
999 _c35693
_d35693
040 _aDO-SdBNP